Queueing systems : theory and applications
Αποθηκεύτηκε σε:
| Μορφή: | Περιοδική έκδοση |
|---|---|
| Γλώσσα: | English |
| Δημοσίευση: |
Bussum :
Baltzer science publishers,
1995
|
| Θέματα: | |
| Ετικέτες: |
Προσθήκη ετικέτας
Δεν υπάρχουν, Καταχωρήστε ετικέτα πρώτοι!
|
MARC
| LEADER | 00000nas a2200000 i 4500 | ||
|---|---|---|---|
| 001 | 1/102647 | ||
| 008 | 000226c19959999 eng d | ||
| 022 | |a 02570130 | ||
| 035 | |l 10058166 | ||
| 040 | |a GR-MY-UA |b gre |e aacr | ||
| 041 | 0 | |a eng | |
| 082 | 0 | |a 519.82 | |
| 245 | 1 | 0 | |a Queueing systems : |h [περιοδικό] |b theory and applications |
| 260 | |a Bussum : |b Baltzer science publishers, |c 1995 | ||
| 300 | |a v.; |c 25 cm. | ||
| 310 | |a Irregular | ||
| 650 | 0 | 0 | |a Queuing theory |x Periodicals. |
| 853 | |a INST |b SAMOS |c SER | ||
| 922 | |a 3ΕΛΗ |b 199505 |c ΤΜΗΜΑ ΜΑΘΗΜΑΤΙΚΩΝ |d SWETS | ||